| 000 | 00758nam a2200217 a 4500 | ||
|---|---|---|---|
| 005 | 20210223122859.0 | ||
| 008 | 991125s1995 mx 000 0 spa u | ||
| 020 | _a968363785X | ||
| 035 | _aUPN01000043306 | ||
| 049 | _aCG | ||
| 050 | 4 |
_aF1233.5 B83 _bP4 1995 |
|
| 100 | 1 |
_aBulnes, Francisco, _d1847-1924 |
|
| 245 | 1 | 0 |
_aPáginas escogidas / _cFrancisco Bulnes ; pról. y selec. Martín Quirarte. |
| 250 | _a2a ed. | ||
| 260 |
_aMéxico : _bUNAM, Coordinación de Humanidades : _bUNAM, Dirección General de Publicaciones, _c1995. |
||
| 300 | _alx, 194 p. | ||
| 440 | 0 |
_aBiblioteca del estudiante universitario ; _v89 |
|
| 600 | 1 | 4 |
_aBULNES, FRANCISCO, _d1847-1924 - _vCOLECCIONES DE ESCRITOS _99487 |
| 700 | 1 |
_aQuirarte, Martín, _ecomp. |
|
| 905 | _aLibro | ||
| 999 |
_c43306 _d43306 |
||